000 00314nam a22001337a 4500
008 181009b xxu||||| |||| 00| 0 eng d
020 _a9780137599943
041 _aeng
080 _a159.9
100 _a49
101 _aPSI
245 _aPsychology An Evolutionary Approach
_cGaulin.S.J..C
942 _2udc
_cBK
999 _c49218
_d49218